| 000 | 00398nam a22000977a 4500 | ||
|---|---|---|---|
| 008 | 131104b xxu||||| |||| 00| 0 eng d | ||
| 010 | _aSCCAF:1C | ||
| 245 | _aSUPREME COURT CIVIL APPEAL NO.03 OF 2010 Cairo International Bank vs Sadique M. Janjua | ||
| 260 | _aSupreme Court Kampala | ||
| 500 | _3Appeal from the judgement of the court of Appeal at Kampala (mpiji - bahigeine, kitumba and byamugisha,JJ.A) | ||
| 999 |
_c5822 _d5822 |
||